000 02022cam a2200493 a 4500
001 1216464
003 OSt
005 20260129112906.0
008 990510s1998 nyu b 000 1 eng
010 _a 99204795
020 _a0140772588
_c$5.99
035 _a1216464
040 _aDLC
_cDLC
_dDLC
043 _ae-uk-en
050 0 0 _aPR4748
_b.A1 1998
082 0 0 _a813
_223
_bHAR
100 1 _aHardy, Thomas,
_d1840-1928.
_914858
245 1 0 _aTess of the d'Urbervilles /
_cThomas Hardy ; introduction by Nina Pelikan Straus.
260 _aNew York :
_bpenguin
_c1991
300 _a 117 p. :
_c20 cm.
336 _atext
_btxt
_2rdacontent
337 _aunmediated
_bn
_2rdamedia
338 _avolume
_bnc
_2rdacarrier
440 0 _aEnriched classics series
_914859
504 _aIncludes bibliographical references (p. 445-446).
600 1 0 _aHardy, Thomas,
_d1840-1928.
_tTess of the d'Urbervilles.
_97593
650 0 0 _aTriangles (Interpersonal relations)
_vFiction.
_914860
650 0 _aChildren of the rich
_vFiction.
_914861
650 0 _aChildren of clergy
_vFiction.
_914862
650 0 _aWomen household employees
_vFiction.
_914863
650 0 _aWomen murderers
_vFiction.
_914864
650 0 _aPoor families
_vFiction.
_914865
651 0 _aWessex (England)
_vFiction.
_914866
655 7 _aPastoral fiction.
_2gsafd
_914867
655 7 _aDidactic fiction.
_2gsafd
_914868
655 7 _aFiction.
_2lcgft
_0https://id.loc.gov/authorities/genreForms/gf2014026339
_92363
856 4 2 _3Contributor biographical information
_uhttp://www.loc.gov/catdir/bios/simon051/99204795.html
856 4 2 _3Publisher description
_uhttp://www.loc.gov/catdir/description/simon032/99204795.html
856 4 1 _3Sample text
_uhttp://www.loc.gov/catdir/enhancements/fy0645/99204795-s.html
906 _a7
_bcbc
_corignew
_d2
_encip
_f19
_gy-gencatlg
942 _2ddc
_cBOOK
999 _c5894
_d5894